000 00454nam a2200181Ia 4500
003 OSt
005 20230516104334.0
008 210423s1990 xx 000 0 und d
040 _cAL
041 _aeng
082 _a301
_223
_bCOLT
100 _aCOLLINS (Randall).
_9104784
245 _aTheoretical sociology.
260 _aNew Delhi
_bOxford University Press
_c1990
365 _b750
_cINR
906 _asociology. ; Theoretical
942 _2ddc
_cBK
999 _c172142
_d172142